[Event "XVIII Najdorf Open 2018"]
[Site "Warsaw"]
[Date "2018.07.11"]
[Round "4"]
[White "Lewicki, Miroslaw"]
[Black "Dubinski, Mateusz"]
[Result "0-1"]
[WhiteElo "2361"]
[BlackElo "2245"]
[Annotator "RC"]
[PlyCount "118"]
[EventDate "2018.07.08"]
[EventCountry "POL"]
[SourceTitle "playchess.com"]
[Source "ChessBase"]
[SourceQuality "1"]

1. e4 e5 2. Nf3 Nc6 3. Bb5 a6 4. Ba4 Nf6 5. d3 d6 6. c3 g6 7. O-O Bg7 8. Re1 O-O 9. Nbd2 b5 10. Bc2 Bb7 11. Nf1 Re8 12. Ng3 Nb8 13. Qe2 Nbd7 14. h4 h5 15. Bg5 Qc8 16. Rad1 d5 17. Qd2 Ng4 18. Bb3 f6 19. Be3 Nxe3 20. Qxe3 Kh7 21. Bxd5 c6 22. Bb3 Bh6 23. Qe2 Nc5 24. Bf7 Re7 25. d4 Rxf7 26. dxc5 Qf8 27. Rd6 Qe8 28. b4 Bf8 29. Rd3 Bc8 30. Nf1 Be6 31. Ne3 a5 32. a3 Rfa7 33. Red1 axb4 34. axb4 Bb3 35. Rb1 Ra2 36. Rd2 Ra1 37. Rdb2 Qf7 38. Nd2 Be6 39. c4 Rxb1+ 40. Rxb1 Rb8 41. cxb5 Rxb5 42. Nc2 Rb7 43. Qd3 Ra7 44. Nb3 Ra2 45. Qc3 Qa7 46. Ne3 Qa6 47. Nc1 Ra4 48. Qd2 Qb7 49. Qc3 Qb5 50. Nd3 Bh6 51. Nc2 Ra2 52. Rb2 Ra7 53. Nde1 Rd7 54. Na3 Qa4 55. Nc4 Rd1 56. Ne3 Bxe3 57. fxe3 Qa1 58. b5 Rxe1+ 59. Kh2 Re2 0-1

[Event "XVIII Najdorf Open 2018"]
[Site "Warsaw"]
[Date "2018.07.11"]
[Round "4"]
[White "Lewtak, Damian"]
[Black "Tomczak, Jacek"]
[Result "1/2-1/2"]
[WhiteElo "2358"]
[BlackElo "2600"]
[Annotator "TA"]
[PlyCount "119"]
[EventDate "2018.07.08"]
[EventCountry "POL"]
[SourceTitle "playchess.com"]
[Source "ChessBase"]
[SourceQuality "1"]

{[%evp 11,119,5,2,21,32,16,18,0,9,0,6,-14,6,12,4,1,13,10,12,7,20,13,14,14,14,10,14,14,17,0,0,-27,-8,-7,-20,-19,0,-14,0,0,0,0,0,0,0,0,0,0,0,0,0,0,0,-43,-43,-43,-43,-43,-6,-43,-37,-36,-20,-23,-23,-23,-23,-23,-23,-23,-23,-23,0,-40,-23,-23,-23,-23,0,-23,-23,-23,0,-23,-23,-23,-23,-23,-23,-23,0,-23,0,0,-6,-6,0,0,0,0,0,0,0,0,0,0,0,0,0,0]} 1. d4 Nf6 2. c4 g6 3. g3 Bg7 4. Bg2 O-O 5. Nc3 Nc6 6. d5 {E61: King's Indian: Early deviations for White, including Smyslov System} (6. Nf3 d5 7. cxd5 Nxd5 8. O-O Bf5 9. Nh4 Be6 10. Nf3 Nb6 11. e3 Bc4 12. Re1 e5 13. Nxe5 Nxe5 14. dxe5 Bxe5 15. Bxb7 Rb8 16. Bg2 {½-½ (62) So,W (2778)-Vachier Lagrave,M (2789) Stavanger 2018}) 6... Ne5 {LiveBook: 3 Games} 7. b3 d6 8. Bb2 {White is slightly better.} c6 9. dxc6 $146 ({Predecessor:} 9. h3 cxd5 10. cxd5 Qa5 11. e4 Nfd7 12. Qc2 Nc5 13. O-O-O b5 {0-1 (34) Ilincic,Z (2520)-Wittmann,W (2337) Budapest 2004}) 9... bxc6 10. Nf3 Nxf3+ 11. Bxf3 Qc7 12. O-O Bh3 13. Re1 Ng4 14. Na4 {[#] Threatens to win with Bxg7.} h5 15. Qd2 Ne5 (15... Bxb2 {feels hotter.} 16. Nxb2 Ne5 17. Be4 Rad8 18. Nd3 Nxd3 19. exd3 e5) 16. Bg2 Bxg2 17. Kxg2 c5 18. Bxe5 {[#] aiming for Bc3.} Bxe5 19. Rad1 Qb7+ 20. Kg1 h4 21. Qd5 (21. Qh6 {with more complications.} hxg3 22. hxg3 Bg7 23. Qd2 Be5 24. Qh6) 21... Qxd5 22. Rxd5 hxg3 23. hxg3 Kg7 24. Kg2 Rh8 25. e3 Rh7 26. f4 Bf6 27. Rh1 Rxh1 28. Kxh1 $11 {[%mdl 4096] Endgame KRB-KRN} Kf8 29. Kg2 Ke8 30. Kf3 Rc8 31. Rd3 (31. Rd2 {is more complex.} Kd7 32. Ke4 e6 33. g4 g5 34. fxg5 Bxg5 35. Nc3) 31... Kd7 32. Nc3 Bxc3 33. Rxc3 $15 {KR-KR} a5 34. e4 Ra8 35. a4 Rh8 36. Kg2 f5 37. Re3 e6 38. exf5 gxf5 39. Re1 Rb8 40. Re3 Ke7 41. Rd3 Kd7 42. Re3 Rf8 43. Rd3 Kc6 44. Re3 Kd7 45. Rd3 Rg8 46. Kf3 Re8 47. Re3 Rh8 48. Kg2 Rb8 49. Rd3 Re8 50. Kf3 Ke7 51. Re3 Kf6 52. Rd3 {The position is equal.} Rb8 53. g4 fxg4+ 54. Kxg4 Rg8+ 55. Kf3 Ke7 56. Ke4 Rg1 57. Rh3 Re1+ 58. Kf3 Kf6 59. Rh8 Rb1 60. Rb8 {Precision: White = 71%, Black = 57%.} 1/2-1/2

[Event "XVIII Najdorf Open 2018"]
[Site "Warsaw"]
[Date "2018.07.11"]
[Round "4"]
[White "Havelka, Josef"]
[Black "Rozentalis, Eduardas"]
[Result "1/2-1/2"]
[WhiteElo "2349"]
[BlackElo "2513"]
[Annotator "ChessBase"]
[PlyCount "49"]
[EventDate "2018.07.08"]
[EventCountry "POL"]
[SourceTitle "playchess.com"]
[Source "ChessBase"]
[SourceQuality "1"]

1. e4 Nf6 2. e5 Nd5 3. d4 d6 4. c4 Nb6 5. exd6 cxd6 6. Nc3 g6 7. Be3 Bg7 8. Rc1 O-O 9. b3 a5 10. Be2 a4 11. Nf3 axb3 12. axb3 Bg4 13. O-O Nc6 14. h3 Bxf3 15. Bxf3 Nd7 16. b4 Rc8 17. Nb5 f5 18. g3 Nf6 19. Qb3 Kh8 20. Rfd1 Qd7 21. Bf4 Ne4 22. h4 Ra8 23. Kg2 Rac8 24. Qb1 Ra8 25. Qb3 1/2-1/2

[Event "XVIII Najdorf Open 2018"]
[Site "Warsaw"]
[Date "2018.07.11"]
[Round "4"]
[White "Baskin, Robert"]
[Black "Godzwon, Iwo"]
[Result "1-0"]
[WhiteElo "2339"]
[BlackElo "2218"]
[Annotator "NA"]
[PlyCount "53"]
[EventDate "2018.07.08"]
[EventCountry "POL"]
[SourceTitle "playchess.com"]
[Source "ChessBase"]
[SourceQuality "1"]

1. e4 c5 2. Nf3 d6 3. d4 cxd4 4. Nxd4 Nf6 5. f3 g6 6. c4 Bg7 7. Nc3 O-O 8. Be3 Nc6 9. Be2 Bd7 10. Qd2 Nxd4 11. Bxd4 a5 12. h4 Bc6 13. O-O-O a4 14. g4 Qa5 15. h5 a3 16. b3 Rfc8 17. Kb1 e5 18. Be3 Ne8 19. hxg6 fxg6 20. c5 dxc5 21. Bc4+ Kf8 22. Rxh7 Rd8 23. Qf2 b6 24. Qh4 Rxd1+ 25. Nxd1 Ra7 26. Bg5 Bf6 27. Bxf6 1-0

[Event "XVIII Najdorf Open 2018"]
[Site "Warsaw"]
[Date "2018.07.11"]
[Round "4"]
[White "Hassan, Abdullah"]
[Black "Adamski, Jan"]
[Result "1-0"]
[WhiteElo "2335"]
[BlackElo "2217"]
[Annotator "NA"]
[PlyCount "65"]
[EventDate "2018.07.08"]
[EventCountry "POL"]
[SourceTitle "playchess.com"]
[Source "ChessBase"]
[SourceQuality "1"]

1. d4 Nf6 2. Nf3 e6 3. e3 b6 4. Bd3 Bb7 5. O-O c5 6. c4 Be7 7. Nc3 cxd4 8. exd4 d5 9. cxd5 Nxd5 10. Ne5 O-O 11. Qh5 Nf6 12. Qh4 Ne4 13. Qh3 Qxd4 14. Bf4 Nf6 15. Ne2 Qd8 16. Rfd1 Qe8 17. Nc3 Nc6 18. Nd7 g6 19. Nxf8 Qxf8 20. Bg5 Nh5 21. Qh4 Bxg5 22. Qxg5 h6 23. Qe3 Nf6 24. a3 Ne7 25. Qe5 Nfd5 26. Nxd5 Bxd5 27. Rac1 Nc6 28. Qe3 Qg7 29. Be4 Ne7 30. Rc7 Re8 31. Bxd5 Nf5 32. Qe1 Qxb2 33. Be4 1-0

[Event "XVIII Najdorf Open 2018"]
[Site "Warsaw"]
[Date "2018.07.11"]
[Round "4"]
[White "Nowak, Kamil"]
[Black "Czopor, Maciej"]
[Result "0-1"]
[WhiteElo "2330"]
[BlackElo "2217"]
[Annotator "NA"]
[PlyCount "80"]
[EventDate "2018.07.08"]
[EventCountry "POL"]
[SourceTitle "playchess.com"]
[Source "ChessBase"]
[SourceQuality "1"]

1. d4 Nf6 2. c4 e6 3. Nc3 Bb4 4. Qc2 d5 5. a3 Bxc3+ 6. Qxc3 c5 7. dxc5 d4 8. Qg3 Nc6 9. Nf3 O-O 10. Bh6 Ne8 11. O-O-O e5 12. e3 Kh8 13. exd4 gxh6 14. d5 Ne7 15. Qxe5+ Ng7 16. Bd3 Ng6 17. Qe3 Bg4 18. Qxh6 Bxf3 19. gxf3 Qf6 20. Be4 Rac8 21. Qe3 Ne5 22. b3 Nd7 23. b4 Qa1+ 24. Bb1 Rfe8 25. Qd3 f5 26. f4 b5 27. cxb6 Nxb6 28. c5 Na4 29. Rd2 Nc3 30. d6 Qxa3+ 31. Rb2 Re2 32. Bc2 Qa1+ 33. Rb1 Qa3+ 34. Rb2 Qa1+ 35. Rb1 Nxb1 36. Bxb1 Qb2+ 37. Kd1 Re4 38. d7 Rd8 39. c6 Rd4 40. c7 Qxb1+ 0-1

[Event "XVIII Najdorf Open 2018"]
[Site "Warsaw"]
[Date "2018.07.11"]
[Round "4"]
[White "Kosakowski, Jakub"]
[Black "Dwilewicz, Katarzyna"]
[Result "1-0"]
[WhiteElo "2324"]
[BlackElo "2009"]
[Annotator "NA"]
[PlyCount "49"]
[EventDate "2018.07.08"]
[EventCountry "POL"]
[SourceTitle "playchess.com"]
[Source "ChessBase"]
[SourceQuality "1"]

1. e4 c5 2. Nf3 e6 3. d4 cxd4 4. Nxd4 Nc6 5. Nc3 Qc7 6. f4 a6 7. Nxc6 Qxc6 8. Bd3 b5 9. Qe2 Bb7 10. Bd2 Nf6 11. e5 b4 12. exf6 bxc3 13. Bxc3 gxf6 14. O-O-O Be7 15. Rhg1 Rg8 16. g4 Qf3 17. Qd2 Bc5 18. Rg3 Qf2 19. Bxf6 h5 20. gxh5 Rxg3 21. Qxf2 Bxf2 22. hxg3 Bxg3 23. Rf1 Bg2 24. h6 d6 25. h7 1-0

[Event "XVIII Najdorf Open 2018"]
[Site "Warsaw"]
[Date "2018.07.11"]
[Round "4"]
[White "Michalczak, Thomas"]
[Black "Thybo, Jesper Sondergaard"]
[Result "0-1"]
[WhiteElo "2309"]
[BlackElo "2497"]
[Annotator "ChessBase"]
[PlyCount "76"]
[EventDate "2018.07.08"]
[EventCountry "POL"]
[SourceTitle "playchess.com"]
[Source "ChessBase"]
[SourceQuality "1"]

1. e4 e5 2. Nf3 Nc6 3. Bb5 a6 4. Ba4 Nf6 5. O-O Be7 6. Re1 b5 7. Bb3 d6 8. c3 O-O 9. h3 Nb8 10. d4 Nbd7 11. c4 c6 12. Qc2 Bb7 13. Nc3 exd4 14. Nxd4 b4 15. Na4 c5 16. Nf5 Re8 17. Bg5 Bxe4 18. Rxe4 Nxe4 19. Nxe7+ Rxe7 20. Bxe7 Qxe7 21. Re1 f5 22. Qd1 Qf8 23. Qd5+ Kh8 24. Bc2 Nef6 25. Qxf5 Re8 26. Rxe8 Qxe8 27. Kf1 g6 28. Qf3 Qe5 29. Qa8+ Kg7 30. Qxa6 Qd4 31. Ke2 Ne4 32. Bxe4 Qxe4+ 33. Kf1 Qb1+ 34. Ke2 Qc2+ 35. Ke3 Ne5 36. b3 Qd3+ 37. Kf4 g5+ 38. Kxg5 h6+ 0-1

[Event "XVIII Najdorf Open 2018"]
[Site "Warsaw"]
[Date "2018.07.11"]
[Round "4"]
[White "Zakrzewski, Marek"]
[Black "Markowski, Tomasz"]
[Result "1/2-1/2"]
[WhiteElo "2309"]
[BlackElo "2561"]
[Annotator "TA"]
[PlyCount "69"]
[EventDate "2018.07.08"]
[EventCountry "POL"]
[SourceTitle "playchess.com"]
[Source "ChessBase"]
[SourceQuality "1"]

{[%evp 23,69,48,61,63,47,39,37,39,47,0,41,37,47,44,37,37,37,37,40,37,37,37,42,0,39,0,37,0,37,37,37,33,42,33,34,32,34,29,37,61,39,36,34,0,62,0,42,0]} 1. e4 c5 2. Nf3 e6 3. d4 cxd4 4. Nxd4 a6 5. c4 Nf6 6. Nc3 Qc7 7. a3 b6 8. Be3 Bb7 {B41: Sicilian: Kan Variation: 5 c4} 9. f3 Be7 (9... Nc6 10. Rc1 Bc5 11. Qd2 O-O 12. Be2 Rac8 13. b4 Bxd4 14. Bxd4 Nxd4 15. Qxd4 {1-0 (33) Ponomariov,R (2694)-Fedorchuk,S (2648) Riadh 2017}) 10. Rc1 O-O 11. Be2 d6 12. O-O Nbd7 {LiveBook: 287 Games} 13. b4 Rac8 14. Qd2 Qb8 {[#]} 15. Na4 $146 ({Predecessor:} 15. Kh1 Rfe8 16. Na4 {1-0 (50) Schlosser,P (2575)-Kalod,R (2506) Pardubice 2010}) 15... Rfe8 16. Rc2 Bd8 17. Kh1 Bc7 18. Bg1 Bd8 19. Rb1 Ne5 20. Rbc1 Ba8 21. Bf1 h6 22. Nb2 Ned7 23. Na4 Ne5 24. Nb2 Be7 25. Na4 Nfd7 26. Be3 Rc7 27. Qf2 Rec8 28. h3 Bf6 29. Qd2 Ng6 30. Nb3 Be5 31. Qf2 {[%cal Ra4b6]} Rc6 32. Nd4 R6c7 33. Nb3 {[%cal Ra4b6]} Rc6 $1 34. Nd4 R6c7 35. Nb3 {Precision: White = 52%, Black = 70%.} 1/2-1/2

[Event "XVIII Najdorf Open 2018"]
[Site "Warsaw"]
[Date "2018.07.11"]
[Round "4"]
[White "Monnisha, GK."]
[Black "Sieciechowicz, Marcin"]
[Result "0-1"]
[WhiteElo "2295"]
[BlackElo "2410"]
[Annotator "TA"]
[PlyCount "118"]
[EventDate "2018.07.08"]
[EventCountry "POL"]
[SourceTitle "playchess.com"]
[Source "ChessBase"]
[SourceQuality "1"]

{[%evp 18,118,12,6,7,0,2,0,12,12,7,0,0,0,0,-8,0,-60,-57,-92,-87,-83,-38,-30,-46,-60,-45,-60,-60,-60,-60,-60,-60,-60,-60,-60,-60,-60,-60,-60,-60,-60,0,-17,0,-60,0,0,0,0,0,0,14,6,21,6,6,6,6,6,116,59,96,14,20,22,55,47,112,102,209,201,292,0,153,94,78,-27,-20,-333,-344,-644,-644,-600,-596,-522,-537,-1114,-1023,-1793,-1770,-1766,-1531,-4790,-5073,-29976,-29977,-29976,-12369,-29982,-29983,-29988,-29989]} 1. e4 e6 2. d4 d5 3. Nc3 Bb4 4. e5 c5 5. a3 Bxc3+ 6. bxc3 Qa5 7. Bd2 Qa4 8. Rb1 {C18: French: 3 Nc3 Bb4: Main line: 7 h4 and 7 Qg4} (8. Qg4 Kf8 9. h4 Nc6 10. h5 h6 11. Qd1 cxd4 12. Nf3 dxc3 13. Bxc3 g5 14. hxg6 Qe4+ 15. Be2 Qxg6 16. Qd2 Nge7 17. Bd3 Qxg2 18. Ke2 Qg4 19. Rh4 Qg7 20. Rg1 Ng6 21. Rf4 Nce7 22. Bb4 a5 23. Rxg6 {1-0 (23) Caruana,F (2804)-Lenderman,A (2599) Saint Louis 2018}) 8... c4 9. Qc1 Nc6 10. Nf3 {LiveBook: 8 Games. The position is equal.} b6 11. g3 $146 ({Predecessor:} 11. Be2 Bd7 12. O-O Nge7 13. Ne1 O-O-O 14. g3 f6 15. f4 h5 {0-1 (33) Kislik,E (2302)-Hou,Y (2557) Budapest 2008}) 11... Bd7 12. Bg2 O-O-O 13. O-O h6 14. h4 f5 15. exf6 Nxf6 16. Re1 Ne4 17. Ne5 (17. Re2 $11) 17... Nxe5 $15 18. dxe5 Nxd2 19. Qxd2 Rdg8 20. Rb4 Qa5 (20... Qxa3 21. Bxd5 $1 {[%mdl 512]} Rd8 22. Bxc4 $16 (22. Rxc4+ Kb8 $16)) 21. Rd1 {next Rxc4+! is good for White.} Qc5 22. Bf1 Bc6 23. Bh3 Re8 24. Qd4 g5 25. h5 Rhf8 26. Bg4 Kc7 27. Rf1 Re7 28. Kg2 Rg8 29. Kh3 Bd7 30. Rfb1 $1 Bc6 31. Rf1 $1 Be8 (31... Qa5 $15) 32. Rfb1 $1 $11 {Strongly threatening Qxc5+.} Qxd4 33. cxd4 Rf8 34. Kg2 Bf7 35. c3 Rb8 36. Rf1 Rg8 $1 37. Rb2 Be8 38. Kh3 Kb7 (38... Rf8 $11 {keeps the balance.}) 39. Re2 (39. f4 $1 $16) 39... Bd7 40. Re3 (40. f4 $16) 40... Rf7 41. Rf3 Rxf3 42. Bxf3 {[%mdl 4096] Endgame KRB-KRB} Ka6 (42... Rf8 $14 43. Kg2 Ka6) 43. Bd1 $1 $16 Ka5 (43... Rf8 $16) 44. f4 $1 $18 {[%cal Rf4g5]} Rf8 {[#]} (44... gxf4 {was called for.} 45. Rxf4 Rg7) 45. Kg2 $2 (45. fxg5 $1 $18 {[%mdl 512]} Rxf1 (45... hxg5 46. Rxf8) 46. gxh6) 45... g4 $2 (45... gxf4 $11 46. Rxf4 Rxf4 47. gxf4 b5) 46. Re1 ({Inferior is} 46. Bxg4 Ka4 $11) ({Better is} 46. Rh1) 46... Rg8 $16 47. f5 ({White should try} 47. Bc2 $16) 47... exf5 $11 48. e6 $2 {[%mdl 8192]} (48. Kf2 $11 {and White is okay.}) 48... Ba4 $19 49. Bxa4 $2 (49. Be2 Bc2 50. Bd1 Be4+ 51. Kf2) 49... Kxa4 {KR-KR} 50. Re5 {[#]} Re8 $1 51. Rxd5 {Threatens to win with Re5.} Rxe6 52. Rd7 Kb3 53. d5 Re5 54. Rxa7 Rxd5 55. Rb7 b5 56. Rb6 Kxc3 57. Rxh6 Kb2 58. Rb6 c3 {[%cal Bc4c3,Bc3c2][%mdl 32]} 59. h6 c2 {Precision: White = 41%, Black = 48%.} 0-1

[Event "XVIII Najdorf Open 2018"]
[Site "Warsaw"]
[Date "2018.07.11"]
[Round "4"]
[White "Szostko, Jakub"]
[Black "Romanishin, Oleg M"]
[Result "0-1"]
[WhiteElo "2295"]
[BlackElo "2440"]
[Annotator "RC"]
[PlyCount "140"]
[EventDate "2018.07.08"]
[EventCountry "POL"]
[SourceTitle "playchess.com"]
[Source "ChessBase"]
[SourceQuality "1"]

1. e4 e5 2. Nf3 Nc6 3. Bb5 a6 4. Ba4 Nf6 5. O-O Be7 6. d3 d6 7. c3 O-O 8. Re1 b5 9. Bc2 Re8 10. Nbd2 Bf8 11. Nf1 Ne7 12. d4 Ng6 13. Ng3 h6 14. h3 Bb7 15. d5 c6 16. dxc6 Bxc6 17. Nh2 d5 18. exd5 Qxd5 19. Qxd5 Nxd5 20. Be4 Nde7 21. Bxc6 Nxc6 22. Ng4 b4 23. Bd2 Rad8 24. Red1 Nf4 25. cxb4 Nd3 26. Bxh6 Nxb2 27. Rdb1 Na4 28. Bg5 Rc8 29. a3 Nd4 30. Rc1 Nc3 31. Rf1 f5 32. Nh2 f4 33. Nh5 Nc2 34. g3 Ne2+ 35. Kg2 Nxa1 36. Rxa1 fxg3 37. Nxg3 Nf4+ 38. Bxf4 exf4 39. Ngf1 Red8 40. Ng4 Rc3 41. Ne5 Re8 42. Nf3 Rec8 43. Rb1 Rc1 44. Rb3 R8c3 45. N1d2 Rxb3 46. Nxb3 Rc3 47. Nbd4 Rxa3 48. b5 axb5 49. Nxb5 Ra6 50. Nc3 Rg6+ 51. Kf1 Rc6 52. Ne2 Bd6 53. Nfd4 Ra6 54. Kg2 Ra3 55. Nf3 Kf7 56. Nh2 Be5 57. Ng1 Bb8 58. Ngf3 Ke6 59. Ng4 Kd5 60. Ng5 Bc7 61. Nf3 Bd8 62. Nd2 Rd3 63. Nf3 Ke4 64. Ngh2 Ra3 65. Nd2+ Kd3 66. Ndf3 Bb6 67. Ng4 Ra2 68. Kf1 Bxf2 69. Nfe5+ Ke4 70. Nf3 Bc5 {Kg2 Kd3+} 0-1

[Event "XVIII Najdorf Open 2018"]
[Site "Warsaw"]
[Date "2018.07.11"]
[Round "4"]
[White "Mehar, Chinna Reddy CH"]
[Black "Domanski, Lukasz"]
[Result "1-0"]
[WhiteElo "2286"]
[BlackElo "2028"]
[Annotator "NA"]
[PlyCount "91"]
[EventDate "2018.07.08"]
[EventCountry "POL"]
[SourceTitle "playchess.com"]
[Source "ChessBase"]
[SourceQuality "1"]

1. d4 d5 2. Nf3 e6 3. c4 dxc4 4. e3 b5 5. a4 b4 6. Bxc4 Nf6 7. O-O Bb7 8. Qe2 Be7 9. Nbd2 O-O 10. Nb3 a5 11. Ne5 Nbd7 12. Rd1 Bd6 13. Bb5 c6 14. Bd3 Qe7 15. Nc4 Bc7 16. e4 e5 17. Bg5 h6 18. Bh4 exd4 19. Nxd4 Rfe8 20. Ne3 Rad8 21. Ng4 c5 22. Nf5 Qe6 23. Nxf6+ Nxf6 24. f3 Be5 25. Bb5 Qb3 26. Bxf6 Bxf6 27. Bxe8 Rxe8 28. Qb5 Rb8 29. Nd6 Bxb2 30. Rab1 Bd4+ 31. Kh1 Qe6 32. Nxb7 Qe7 33. Nxa5 Rxb5 34. axb5 Qa7 35. Nc6 Qb6 36. Nxd4 cxd4 37. Rxb4 Qc5 38. Rbb1 Qb6 39. h3 Kf8 40. Rb4 Qc5 41. Rbb1 Qb6 42. Rdc1 Ke7 43. Rc6 Qb7 44. b6 Kd8 45. Rc7 Qb8 46. Rxf7 1-0

[Event "XVIII Najdorf Open 2018"]
[Site "Warsaw"]
[Date "2018.07.11"]
[Round "4"]
[White "Sliwicka, Alicja"]
[Black "Krysztofiak, Marcin"]
[Result "1/2-1/2"]
[WhiteElo "2274"]
[BlackElo "2384"]
[Annotator "NA"]
[PlyCount "54"]
[EventDate "2018.07.08"]
[EventCountry "POL"]
[SourceTitle "playchess.com"]
[Source "ChessBase"]
[SourceQuality "1"]

1. e4 c6 2. d4 d5 3. Nc3 dxe4 4. Nxe4 Bf5 5. Ng3 Bg6 6. Nh3 Nf6 7. c3 e6 8. Nf4 Bd6 9. h4 Qc7 10. Qf3 Nbd7 11. h5 Bc2 12. Bd3 Bxd3 13. Nxd3 h6 14. Bd2 O-O-O 15. O-O-O c5 16. dxc5 Nxc5 17. Nxc5 Bxc5 18. Rhe1 Rd5 19. Bf4 Qc6 20. Rxd5 Qxd5 21. Qxd5 Nxd5 22. Be3 Nxe3 23. fxe3 Rd8 24. Ne4 Bb6 25. Kc2 Kc7 26. b4 a5 27. a3 axb4 1/2-1/2

[Event "XVIII Najdorf Open 2018"]
[Site "Warsaw"]
[Date "2018.07.11"]
[Round "4"]
[White "Chomczyk, Marek"]
[Black "Karpus, Michal"]
[Result "1-0"]
[WhiteElo "2247"]
[BlackElo "2364"]
[Annotator "TA"]
[PlyCount "103"]
[EventDate "2018.07.08"]
[EventCountry "POL"]
[SourceTitle "playchess.com"]
[Source "ChessBase"]
[SourceQuality "1"]

{[%evp 9,103,0,2,0,0,-11,-8,-10,-5,1,-5,-43,-3,-4,-10,-13,0,-41,-12,-50,-34,-34,-37,-39,-9,-8,-19,-15,10,0,0,5,0,-17,-16,-34,-28,-32,0,0,19,-18,-21,-33,-25,-27,-22,-23,-14,-22,-15,-30,0,-9,0,-16,0,-3,8,8,8,8,11,15,66,10,12,11,14,8,62,86,1208,1191,29963,29964,29964,29963,29968,29969,29969,29970,29968,29970,29963,6203,29972,29973,29973,29973,29976,29977,29990,29991,29991,29981]} 1. a3 d5 2. Nf3 g6 (2... Bg4 3. d4 Nd7 4. Nbd2 Ngf6 5. h3 Bh5 6. c4 e6 7. Qb3 Be7 8. cxd5 exd5 9. g4 Bg6 10. Nh4 {0-1 (36) Indjic,A (2623)-Diermair,A (2507) Batumi 2018}) 3. d4 Bg7 4. e3 Nf6 5. Be2 O-O 6. O-O {A00: Unregelmäßige Eröffnungen} b6 $146 ({Vorgänger:} 6... Ne4 7. c4 e6 8. Nc3 b6 9. Qc2 Bb7 10. cxd5 exd5 {1-0 (46) Markovic,Z (2395)-Milanovic,D (2300) Kladovo 1994}) 7. b4 c5 8. dxc5 {Die Stellung ist ausgeglichen.} Ne4 9. Ra2 bxc5 10. bxc5 Ba6 11. Bb2 Bxb2 12. Rxb2 Nxc5 13. Nc3 e6 14. Bxa6 (14. Qd4 $5 {[%cal Rd4c5]} Bxe2 15. Nxe2 $11) 14... Nbxa6 15. Qd4 Qe7 16. h4 Rab8 17. Rfb1 Rxb2 18. Rxb2 Rb8 19. Rxb8+ Nxb8 20. Ne5 {zielt auf Sg4 ab.} f6 21. Ng4 Nbd7 22. Qf4 h5 23. Nh2 $1 Ne5 24. Nf3 Nxf3+ 25. Qxf3 Nd7 26. Nb5 Qc5 27. Qe2 Kf7 28. Qd3 Ne5 29. Qb3 Nc4 30. a4 Na5 31. Qd3 Nc6 32. Nd4 Nb4 33. Qb3 e5 34. c3 exd4 35. exd4 Qe7 $1 {Weiss muss nun ...Sd3 beachten.} 36. cxb4 $11 {[%mdl 4096] Endspiel KD-KD} Qe1+ $1 37. Kh2 Qe4 38. Qc3 {Schwarz sollte Dc7+ verhindern.} Qxh4+ 39. Kg1 {Weiss will Dc7+ spielen.} Qf4 (39... g5 $11) 40. b5 $14 {a5 ist eine echte Drohung.} Ke7 $2 {[%mdl 8192]} (40... Qe4 $16) 41. a5 $18 {[%cal Ba4a5,Ba5a6,Ba6a7][%mdl 32]} Qd6 {[#]} 42. b6 $1 {[%mdl 512]} axb6 43. a6 Qb8 {[#]} 44. Qc6 $1 {[%cal Rc6b7]} Kd8 45. Qxd5+ Kc7 46. Qf7+ Kc6 47. d5+ {[%cal Bd4d5,Bd5d6][%mdl 32]} Kb5 48. a7 {Weiß setzt Matt.} Qc8 49. Kh2 h4 50. d6 Qf5 51. Qb3+ Kc5 52. Qe3+ {Precision: Weiß = 68%, Schwarz = 36%.} 1-0

[Event "XVIII Najdorf Open 2018"]
[Site "Warsaw"]
[Date "2018.07.11"]
[Round "4"]
[White "Sanz Wawer, Daniel"]
[Black "Socko, Monika"]
[Result "0-1"]
[WhiteElo "2233"]
[BlackElo "2464"]
[Annotator "TA"]
[PlyCount "100"]
[EventDate "2018.07.08"]
[EventCountry "POL"]
[SourceTitle "playchess.com"]
[Source "ChessBase"]
[SourceQuality "1"]

{[%evp 33,100,20,25,0,0,0,0,0,61,-32,-31,-28,-27,-28,-25,-82,-57,-66,-56,-79,-79,-131,-119,-122,-127,-129,-114,-107,-115,-180,-192,-389,-391,-400,-388,-485,-482,-622,-587,-642,-606,-1515,-1320,-1295,-1297,-1259,-1259,-1037,-790,-5437,-5353,-5414,-5311,-5165,-5061,-4833,-4789,-3506,-3252,-2168,-1812,-12841,-6560,-29980,-29981,-29981,-29982,-29982,-29982]} 1. d4 Nf6 2. c4 c5 3. d5 b5 4. cxb5 a6 5. bxa6 g6 6. Nf3 Bg7 7. g3 O-O 8. Bg2 d6 9. O-O Bxa6 10. Nc3 Nbd7 {[%cal Bb8d7,Bd7b6,Bb6c4][%mdl 32]} 11. Rb1 Qa5 12. Bd2 Rfb8 13. Qc2 Qc7 {A58: Benko/Volga Gambit: Lines with 5 bxa6} 14. Rfd1 (14. b3 Nb6 15. Nh4 Qb7 16. b4 cxb4 17. Rxb4 Qc7 18. Rc1 Nc4 19. Nd1 Rxb4 20. Bxb4 Qa7 21. e3 Ne5 22. a3 Nd3 23. Rb1 Ng4 24. Nf3 Rc8 25. Qd2 Bh6 26. Nd4 Ndxf2 {0-1 (26) Sumets,A (2614)-Bologan,V (2684) France 2010}) 14... Nb6 15. e4 $146 ({Predecessor:} 15. Bc1 Bc8 16. b3 Bd7 17. a4 Qc8 18. e4 c4 19. Nd4 cxb3 20. Rxb3 Nxa4 21. Ra3 {0-1 (30) Lorscheid,G (2265)-Vajda,L (2504) Budapest 2011}) 15... Nc4 16. Bc1 Nd7 17. b3 Qa5 {LiveBook: 3 Games} 18. bxc4 Qxc3 19. Qxc3 Bxc3 20. Bg5 Nf6 ({Black should try} 20... f6 $11 21. Bd2 Bb2) 21. Nd2 (21. e5 $14 Rxb1 22. Rxb1 dxe5 23. d6) 21... Rxb1 $15 22. Rxb1 Bxd2 23. Bxd2 Bxc4 24. Bc3 (24. f3 $11 {keeps the balance.}) 24... Bxa2 25. Rb7 Ra3 26. Bxf6 exf6 {[%mdl 4096] Endgame KRB-KRB} 27. Bf1 (27. f4 $142) 27... Rb3 28. Rd7 Rb6 29. Rc7 f5 30. f3 Kf8 31. exf5 (31. g4 $17) 31... gxf5 $19 32. Rc6 $2 (32. Bd3 {keeps fighting.}) 32... Rxc6 33. dxc6 {Strongly threatening c7. KB-KB} Ke7 34. Bd3 {[#]} Be6 $1 35. g4 fxg4 36. fxg4 Bxg4 37. Bxh7 Bf3 38. c7 Kd7 39. Kf2 Bd5 40. h4 Kxc7 41. h5 Kd7 42. h6 Ke7 43. Ke3 Kf6 44. Kf4 Be6 45. Bc2 d5 {[%cal Bd6d5,Bd5d4][%mdl 32]} 46. Bb1 d4 47. Bh7 Bb3 48. Bg8 Kg6 {Black mates.} 49. h7 Kg7 50. Kf3 Bd5+ {Precision: White = 19%, Black = 93%.} 0-1

[Event "XVIII Najdorf Open 2018"]
[Site "Warsaw"]
[Date "2018.07.11"]
[Round "4"]
[White "Balasubramaniam, H."]
[Black "Paszewski, Mateusz"]
[Result "0-1"]
[WhiteElo "2219"]
[BlackElo "2293"]
[Annotator "NA"]
[PlyCount "60"]
[EventDate "2018.07.08"]
[EventCountry "POL"]
[SourceTitle "playchess.com"]
[Source "ChessBase"]
[SourceQuality "1"]

1. e4 c5 2. Nc3 Nc6 3. Bb5 Nd4 4. Bc4 a6 5. a4 g6 6. Nf3 Bg7 7. O-O e6 8. d3 Ne7 9. Re1 d6 10. Nxd4 cxd4 11. Ne2 d5 12. Bb3 O-O 13. Ng3 dxe4 14. Nxe4 h6 15. Qf3 Nd5 16. Bd2 Bd7 17. Qh3 g5 18. Qg3 Bc6 19. a5 Qe7 20. Nd6 f5 21. Nc4 Rae8 22. f4 Kh8 23. fxg5 f4 24. Qh3 Qxg5 25. Nd6 Ne3 26. Bxe3 dxe3 27. Nxe8 f3 28. Kh1 fxg2+ 29. Kg1 e2 30. Nf6 Qc5+ 0-1